000 00658nam a2200217 i 4500
001 87294
003 ES-MaACL
005 20230906175635.0
007 t|
008 041220s1978 sp ||||1| spa d
100 1 _aKruh, Jacques.
_968910
245 1 0 _aBioquímica
_b: estudios médicos y biológicos /
_cJacques Kruh ; [traducido del francés por Jorge Camprubí].
250 _a3ª ed. puesta al día.
260 _aBarcelona :
_bOmega,
_c[1978]
300 _a537 p. :
_bil. ;
_c22 cm.
490 1 _aMétodos
700 1 _aCamprubí, Jorge.
_934304
830 0 _aMétodos
_9184579
852 _aES-MaACL
_jL-1976
_bR.102791
999 _c87294
_d87294